000 00845cab a22001935a 4500
001 L146484
008 090126e20090123xxka f 000 0 eng d
035 _a(Sirsi) u146484
041 0 _aeng
100 1 _aShepherd, Mark
245 0 0 _aValuers fight back
260 _c2009
490 0 _aProperty Week
_v75(4) 23 January 2009, 28-30(3)
520 _aThe second of a series of three articles (see also L146420 and L146625) which reports on the valuation profession's sceptical attitude to banks. Explains why valuers are urging the RICS not to change one of the most accurate valuation systems in the world which they are defending against criticism. Provides a quick international comparison of valuation in six countries.
590 _aKA
651 4 _aInternational
690 _aPROPERTY-PROPERTY APPRAISAL AND VALUATION
942 _n0
999 _c81163
_d81163